Wichtigste Päpste - Statistiken

Allgemein
  • Dieses Quiz wurde 48 mal gespielt
  • Das Durchschnittsergebnis liegt bei 4 aus 10
Antwortstatistiken
Hint Antwort % Korrekt
(1978-2005) Der wohl bedeutendste Papst des 20. Jahrhunderts trug mit seinen politischen Botschaften und Symbolen maßgeblich zum Sturz des Kommunismus bei. Der "Papst aus Polen", der erste Nichtitaliener seit 455 Jahren, bereiste die Weltkirche in einem Maß wie keiner seiner Vorgänger. In seinen Lehrschreiben verurteilte er nicht nur den Kollektivismus, sondern auch maßlose Habgier und fehlende Solidarität eines ungebremsten Kapitalismus. Seine Versöhnungsgesten gegenüber dem Judentum und seine ökumenischen und interreligiösen Initiativen schrieben Geschichte. Im Gedächtnis blieb auch sein quasi öffentliches Leiden und Sterben. Johannes Paul II
88%
(1958-63) In seinem kurzen Pontifikat machte er die Fenster der Kirche weit auf, indem er überraschend ein Konzil der Gesamtkirche einberief. Das Zweite Vatikanum (1962-1965) veränderte die Kirche zutiefst. Die größte Kirchenversammlung des 20. Jahrhunderts öffnete den Katholizismus für die gesellschaftlichen und politischen Fragen der Zeit und für die Probleme der zeitgenössischen Menschen. Das Konzil brachte die Dimension der Weltkirche ins Bewusstsein und machte den Weg frei für einen ökumenischen wie interreligiösen Dialog. Der greise "Übergangspapst" hatte eine Zeitenwende ausgelöst. Johannes XXIII
68%
(?-64/67) Der Apostelfürst, von Christus selbst ernannt zum "Fels", auf dem er seine Kirche erbauen wolle. Er sammelte die nach der Kreuzigung Jesu zerstreuten und verwirrten Jünger erneut in Jerusalem und gehörte fortan zu den Säulen der Jerusalemer Christengemeinde. Nach Missionsreisen in Kleinasien und einem Aufenthalt in Antiochien fungierte er bis zu seinem Märtyrertod als Leiter der entstehenden Christengemeinde Roms. Simon Petrus
56%
(1914-22) Er war der erfolglose, aber allseits hoch geachtete "Friedenspapst" im Ersten Weltkrieg. Selbst in der Türkei ehrt man ihn für seine vielfältigen humanitären Hilfsleistungen an die Notleidenden des Krieges. Seit Dezember 1921 gibt es in Istanbul ein Denkmal, aufgestellt bereits wenige Wochen vor seinem Tod. Die Inschrift erinnert an den "großen Papst der Welttragödie Benedikt XV. - den Wohltäter der Völker ohne Unterschied der Nationalität und Religion, zum Zeichen der Dankbarkeit des Orients". Benedikt XV
54%
(1878-1903) Er wirkte als Versöhner der Kirche mit der modernen Welt, nachdem sein Vorgänger Pius IX. (1846-1878) jahrzehntelang einen Kurs der Abschottung und der Verurteilung zeitgenössischer Ideen gefahren hatte. Die erste Sozialenzyklika der Päpste, in der er sich der drängenden Arbeiterfrage widmete, begründete die katholische Soziallehre. Er wirkte als Diplomat auf internationalem Parkett, öffnete die Vatikan-Archive für die Wissenschaft und zeichnete sich durch ökumenische Gesinnung aus. Leo XIII
46%
(1503-13) Kriegerischer, eher wenig frommer Spross einer römischen Adelsfamilie, bestach er. durch unbändige Energie und Tatkraft. Diese trug ihm den Beinamen "der Schreckliche" ein. Durch seine Feld- und Winkelzüge sicherte er die Existenz des bedrohten Kirchenstaates. Als großer Förderer der Kunst beauftragte er unter anderem den Neubau des Petersdoms und die Ausmalung der Sixtinischen Kapelle durch Michelangelo. Julius II
27%
(590-604) Der erste Mönchspapst der Kirchengeschichte war ein Verwaltungsgenie, Verteidiger der Stadt, Krisenmanager der spätantiken Kirche, Kassenwart der Armen, heimlicher weströmischer Kaiser. Aus dem Kloster heraus wurde er in einer großen Krise Roms trotz seines Widerstrebens zum neuen Bischof gewählt. Im Angesicht von Pest und Hungersnot machte sich der selbst kränkliche Ordensmann mit großer Tatkraft ans Werk, versorgte die notleidende Bevölkerung mit Getreide und verhandelte mit den langobardischen Besatzern. Gregor I
22%
(1073-85) Im sogenannten Investiturstreit um das Recht zur Einsetzung von Bischöfen reklamierte der vormalige Benediktinermönch die päpstliche Vollgewalt über alle weltlichen Herrscher. Er zwang den mit dem Kirchenbann belegten Kaiser Heinrich IV. mitten im Winter zum Gang nach Canossa, wo dieser im Schnee über mehrere Tage um päpstliche Begnadigung bitten musste. Gregor VII
22%
(1198-1216) In zahlreichen politischen Konflikten in Europa verstand er es, die Rechtsstellung der Kirche entscheidend zu stärken. Er billigte zunächst den fehlgeleiteten Vierten Kreuzzug, der in ein Massaker unter Christen und eine Plünderung des christlichen Konstantinopel mündete. Er förderte die neu gegründeten und zeitweise häresieverdächtigen Bettelorden, vor allem die Dominikaner und Franziskaner, und integrierte sie in die kirchlichen Strukturen. Innozenz III
17%
(440-61) Mit ihm erreichte der sogenannte päpstliche Primat, also die Vorrangstellung des Bischofs von Rom vor den anderen "Patriarchen" der Spätantike, seinen vorläufigen Höhepunkt. Theologisch vollzog sich dies im Zuge des christologischen Lehrstreits beim Konzil von Chalzedon (451). Politisch verhalf er dazu vor allem die Lage in Italien, das keinen handlungsfähigen Kaiser mehr hatte. Es gelang ihm durch persönliche Bemühungen, den Hunnenkönig Attila 452 von Italien und Rom fernzuhalten. Damit hatte der Papst zentrale Aufgaben des Kaisertums übernommen. Leo I
17%
Keine übereinstimmenden Quizze gefunden
Verteilung der Resultate
Anzahl Personen mit jedem Resultat
Perzentil nach korrekt beantworteten Fragen
Ihre Resultats-Entwicklung
Sie haben dieses Quiz noch nicht gespielt